000 00342 a2200157 4500
001 191019
020 _a978-85-66470-42-0
040 _cMagnum
100 _aBrasiliense, Leonardo
240 1 0 _aSofia e Mônica
_lpor
245 1 0 _aSofia e Mônica
300 _a96
362 0 _a2014
697 _aLITERATURA INFANTO-JUVENIL
942 _cBK
999 _c191019
_d191019